Understanding the Koran : (Record no. 23191)
[ view plain ]
| 000 -LEADER | |
|---|---|
| fixed length control field | 00839nam a2200205 4500 |
| 008 - FIXED-LENGTH DATA ELEMENTS--GENERAL INFORMATION | |
| fixed length control field | 050519s2004 miuab b 001 0 eng |
| 020 ## - INTERNATIONAL STANDARD BOOK NUMBER | |
| International Standard Book Number | 0310248124 :USD9.74 |
| 090 ## - LOCALLY ASSIGNED LC-TYPE CALL NUMBER (OCLC); LOCAL CALL NUMBER (OCLC) | |
| Classification number (OCLC) (R) ; Classification number, CALL (RLIN) (NR) | BP134.B4 |
| Local cutter number (OCLC) ; Book number/undivided call number, CALL (RLIN) | El1u |
| 100 1# - MAIN ENTRY--PERSONAL NAME | |
| Personal name | Elass, Mateen, |
| Dates associated with a name | 1955- |
| 245 10 - TITLE STATEMENT | |
| Title | Understanding the Koran : |
| Remainder of title | a quick Christian guide to the Muslim holy book / |
| Statement of responsibility, etc | Mateen Elass. |
| 260 ## - PUBLICATION, DISTRIBUTION, ETC. (IMPRINT) | |
| Place of publication, distribution, etc | Grand Rapids, Mich. : |
| Name of publisher, distributor, etc | Zondervan, |
| Date of publication, distribution, etc | c2004. |
| 300 ## - PHYSICAL DESCRIPTION | |
| Extent | 192 p. : |
| Other physical details | ill., map ; |
| Dimensions | 19 cm. |
| 504 ## - BIBLIOGRAPHY, ETC. NOTE | |
| Bibliography, etc | Includes bibliographical references (p. 178-182) and indexes. |
| 630 14 - SUBJECT ADDED ENTRY--UNIFORM TITLE | |
| Uniform title | Koran |
| General subdivision | Controversial literature. |
| 630 14 - SUBJECT ADDED ENTRY--UNIFORM TITLE | |
| Uniform title | Koran |
| General subdivision | Criticism, interpretation, etc. |
| 630 14 - SUBJECT ADDED ENTRY--UNIFORM TITLE | |
| Uniform title | Koran |
| General subdivision | Relation to the Bible. |
| 650 #4 - SUBJECT ADDED ENTRY--TOPICAL TERM | |
| Topical term or geographic name as entry element | Christianity and other religions |
| General subdivision | Islam. |
| 650 #4 - SUBJECT ADDED ENTRY--TOPICAL TERM | |
| Topical term or geographic name as entry element | Islam |
| General subdivision | Relations |
| -- | Christianity. |
| 951 ## - EQUIVALENCE OR CROSS-REFERENCE-GEOGRAPHIC NAME/AREA NAME [OBSOLETE] [CAN/MARC only] | |
| General subdivision | 00030791 |
| 951 ## - EQUIVALENCE OR CROSS-REFERENCE-GEOGRAPHIC NAME/AREA NAME [OBSOLETE] [CAN/MARC only] | |
| -- | 28369 |
| -- | BP134.B4/El1u |
| -- | 070613111452437 |
| -- | 2000-12-21 |
| -- | REF |
| Withdrawn status | Lost status | Damaged status | Not for loan | Home library | Current library | Shelving location | Date acquired | Accession number | Shelving control number | Total Checkouts | Full call number | Barcode | Date last seen | Price effective from | Koha item type |
|---|---|---|---|---|---|---|---|---|---|---|---|---|---|---|---|
| BSOP Library | BSOP Library | Reference | 12/21/2000 | 28369 | 127 | BP134.B4/El1u | 00030791 | 02/23/2013 | 02/23/2013 | Books |
